书目信息 |
| 题名: |
Photoshop 5.0看图速成
|
|
| 作者: | 东方人华 编著 | |
| 分册: | ||
| 出版信息: | 北京 清华大学出版社 1999.03 |
|
| 页数: | 235页 | |
| 开本: | 16开 | |
| 丛书名: | ||
| 单 册: | ||
| 中图分类: | TP391.41 | |
| 科图分类: | ||
| 主题词: | 计算机应用 | |
| 电子资源: | ||
| ISBN: | 7-302-03338-2 | |
| 000 | 00575nam0 2200193 45 | |
| 001 | 0006270817 | |
| 005 | 20001002022636.2 | |
| 010 | @a7-302-03338-2@d21.00元 | |
| 100 | @a20000627d1999 km y0chiy0120 ea | |
| 101 | 0 | @achi |
| 105 | @a z 000yy | |
| 200 | 1 | @aPhotoshop 5.0看图速成@APhotoshop 5.0 Kan Tu Su Cheng@f东方人华编著@FDong Fang Ren Hua Bian Zhu |
| 210 | @a北京@c清华大学出版社@d1999.03 | |
| 215 | @a235页@d16开 | |
| 606 | 0 | @a计算机应用 |
| 690 | @aTP391.41@v3 | |
| 701 | 0 | @a东方人华@4编著 |
| 801 | @aCN@bPftUser@c20000627 | |
| 905 | @dTP391.41@eD704@b411633-637@f5 | |
| Photoshop 5.0看图速成/东方人华编著.-北京:清华大学出版社,1999.03 |
| 235页;16开 |
| ISBN 7-302-03338-2:21.00元 |
| ● |
| 相关链接 |
|
|
|
正题名:Photoshop 5.0看图速成
索取号:TP391.41/D704
 
预约/预借
| 序号 | 登录号 | 条形码 | 馆藏地/架位号 | 状态 | 备注 |
| 1 | 411633 | 204116330 | 自科二线504/504自科库 1排3列3层/ [索取号:TP391.41/D704] | 在馆 | |
| 2 | 411634 | 204116349 | 自科库301/ [索取号:TP391.41/D704] | 在馆 | |
| 3 | 411635 | 204116358 | 自科二线504/504自科库 1排3列3层/ [索取号:TP391.41/D704] | 在馆 | |
| 4 | 411636 | 204116367 | 自科二线504/504自科库 5排2列4层/ [索取号:TP391.41/D704] | 在馆 | |
| 5 | 411637 | 204116376 | 自科二线504/504自科库 1排3列3层/ [索取号:TP391.41/D704] | 在馆 |